| 000 | 006100000a22001570004500 | ||
|---|---|---|---|
| 005 | 20240106104911.0 | ||
| 008 | 230817t ||||| |||| 00| 0 eng d | ||
| 020 | _a9221024598 | ||
| 082 |
_a331.42 _bNAT |
||
| 110 | _aNational Workshop on Income Generating Skills for Women in Sri Lanka | ||
| 245 | _aReport of the National Workshop on Income Generating Skills for Women in Sri Lanka, Colombo, Sri Lanka, 17th-21st December, 1979 | ||
| 260 |
_aIslamabad: _bInternational Labour Organisation, _c1980 |
||
| 300 | _a91 p. ; 23 cm | ||
| 650 | _aOccupational training for women- Sri Lanka- Congresses | ||
| 942 | _cRP | ||
| 999 |
_c2329 _d2329 |
||